[Event "Belem FEXPA op 1st"]
[Site "Belem"]
[Date "2017.02.05"]
[Round "6"]
[White "Ribeiro, Denison Carlos Vier"]
[Black "Azevedo Junior, Joao Nunes"]
[Result "1/2-1/2"]
[WhiteElo "1922"]
[BlackElo "1831"]
[PlyCount "64"]
[EventDate "2017.02.03"]
[EventType "swiss"]
[EventRounds "6"]
[EventCountry "BRA"]
[SourceTitle "CBM 176 Extra"]
[Source "ChessBase"]
[SourceDate "2017.03.02"]
[SourceVersion "1"]
[SourceVersionDate "2017.03.02"]
[SourceQuality "1"]

1. d4 d5 2. c4 c6 3. Nc3 Nf6 4. Bg5 e6 5. Nf3 Be7 6. e3 0-0 7. Bd3 Nbd7 8. 0-0 h6 9. Bh4 dxc4 10. Bxc4 b5 11. Bd3 Bb7 12. Rc1 a6 13. e4 c5 14. e5 Nd5 15. Bxe7 Qxe7 16. dxc5 Nxc5 17. Bb1 g6 18. Qd2 Kg7 19. Rfd1 Rfd8 20. Nxd5 Rxd5 21. Qe3 Rad8 22. Rxd5 Rxd5 23. h3 Qd7 24. Bc2 Nd3 25. Bxd3 Rxd3 26. Qf4 Bxf3 27. Qf6+ Kg8 28. gxf3 Rd1+ 29. Rxd1 Qxd1+ 30. Kg2 Qd2 31. Kg3 Qxb2 32. Qd8+ Kh7 1/2-1/2

[Event "Belem FEXPA op 1st"]
[Site "Belem"]
[Date "2017.02.05"]
[Round "5"]
[White "Ribeiro, Denison Carlos Vier"]
[Black "Saraiva Silva, Luiz Guilherme"]
[Result "1-0"]
[WhiteElo "1922"]
[BlackElo "1968"]
[PlyCount "47"]
[EventDate "2017.02.03"]
[EventType "swiss"]
[EventRounds "6"]
[EventCountry "BRA"]
[SourceTitle "CBM 176 Extra"]
[Source "ChessBase"]
[SourceDate "2017.03.02"]
[SourceVersion "1"]
[SourceVersionDate "2017.03.02"]
[SourceQuality "1"]

1. e4 d6 2. d4 g6 3. Nc3 Nf6 4. Be3 Bg7 5. Be2 0-0 6. Qd2 c6 7. Bh6 e5 8. Bxg7 Kxg7 9. h4 b5 10. h5 b4 11. hxg6 fxg6 12. Qh6+ Kh8 13. Na4 Rg8 14. 0-0-0 Qa5 15. dxe5 dxe5 16. Nf3 Nbd7 17. Ng5 Rg7 18. Bc4 Ba6 19. Rxd7 Rxd7 20. Qxg6 Bxc4 21. Qxf6+ Kg8 22. Qxc6 Rad8 23. Qxc4+ Kg7 24. Ne6+ 1-0

[Event "Florianopolis Cordioli Memorial"]
[Site "Florianopolis"]
[Date "2015.07.04"]
[Round "3"]
[White "Weise, William Ferreira"]
[Black "Ribeiro, Denison Carlos Vier"]
[Result "1-0"]
[WhiteElo "1771"]
[BlackElo "2055"]
[PlyCount "57"]
[EventDate "2015.07.03"]
[EventType "swiss"]
[EventRounds "7"]
[EventCountry "BRA"]
[SourceTitle "EXT 2016"]
[Source "ChessBase"]
[SourceDate "2015.10.08"]
[SourceVersion "1"]
[SourceVersionDate "2015.10.08"]
[SourceQuality "1"]

1. e4 c5 2. Nf3 d6 3. d4 cxd4 4. Nxd4 Nf6 5. Nc3 e6 6. Bc4 a6 7. 0-0 Be7 8. Qf3 Nbd7 9. Qg3 Ne5 10. Bb3 b5 11. f4 Nc4 12. Bxc4 bxc4 13. Be3 0-0 14. e5 Nh5 15. Qf3 g6 16. Qxa8 dxe5 17. fxe5 Qc7 18. Qf3 Bb7 19. Qf2 Qxe5 20. Bh6 Bc5 21. Rad1 Bd6 22. g4 Nf6 23. Rfe1 Nxg4 24. Rxe5 Nxf2 25. Kxf2 Re8 26. Ree1 e5 27. Nf3 Bc5+ 28. Kg3 e4 29. Nxe4 1-0

[Event "Florianopolis Cordioli Memorial"]
[Site "Florianopolis"]
[Date "2015.07.03"]
[Round "1"]
[White "De Oliveira, Francemir Barra"]
[Black "Ribeiro, Denison Carlos Vier"]
[Result "1-0"]
[WhiteElo "1709"]
[BlackElo "2055"]
[PlyCount "59"]
[EventDate "2015.07.03"]
[EventType "swiss"]
[EventRounds "7"]
[EventCountry "BRA"]
[SourceTitle "EXT 2016"]
[Source "ChessBase"]
[SourceDate "2015.10.08"]
[SourceVersion "1"]
[SourceVersionDate "2015.10.08"]
[SourceQuality "1"]

1. e4 c5 2. Nf3 e6 3. d4 cxd4 4. Nxd4 Nf6 5. Nc3 Nc6 6. Be2 d6 7. g4 Be7 8. g5 Nd7 9. h4 a6 10. Be3 Qc7 11. h5 b5 12. g6 hxg6 13. Qd2 Bb7 14. 0-0-0 gxh5 15. Bxh5 g6 16. Nxe6 Qa5 17. Bxg6 Rxh1 18. Rxh1 fxg6 19. Rh8+ Nf8 20. Bh6 Kd7 21. Nxf8+ Bxf8 22. Bxf8 Ne7 23. Bxe7 Rxh8 24. Qxd6+ Ke8 25. Bg5 Rh7 26. Qxg6+ Kd7 27. Qxh7+ Kc8 28. Qg8+ Kd7 29. Qf7+ Kc6 30. Qd5+ 1-0

[Event "Belem Leao Memorial"]
[Site "Belem"]
[Date "2015.06.07"]
[Round "6"]
[White "Ribeiro, Denison Carlos Vier"]
[Black "Cohen Farias, Paulo"]
[Result "1-0"]
[WhiteElo "2031"]
[BlackElo "2261"]
[PlyCount "120"]
[EventDate "2015.06.05"]
[EventType "swiss"]
[EventRounds "6"]
[EventCountry "BRA"]
[SourceTitle "EXT 2018"]
[Source "ChessBase"]
[SourceDate "2017.10.13"]
[SourceVersion "1"]
[SourceVersionDate "2017.10.13"]
[SourceQuality "1"]

1. e4 c5 2. Nf3 d6 3. d4 cxd4 4. Nxd4 Nf6 5. Nc3 a6 6. Bc4 e6 7. 0-0 Nbd7 8. Be3 Nc5 9. f3 b5 10. Bb3 Be7 11. Nc6 Qc7 12. Nxe7 Qxe7 13. a4 Nxb3 14. cxb3 b4 15. Ne2 0-0 16. Qd4 a5 17. Rfd1 Ba6 18. Ng3 d5 19. e5 Nd7 20. Rac1 Rfc8 21. Rxc8+ Bxc8 22. Rc1 Qd8 23. Nh5 Nf8 24. Qc5 Ba6 25. Qd6 Qxd6 26. exd6 Nd7 27. Rc7 Bc8 28. Nf4 d4 29. Bxd4 e5 30. Nd5 exd4 31. Ne7+ Kf8 32. Nxc8 Nf6 33. Kf1 Ke8 34. Nb6 Rd8 35. Nc4 Ra8 36. Ke1 Ra6 37. Kd2 Nd5 38. Rb7 Nf4 39. Re7+ Kf8 40. Ne5 f6 41. Rf7+ Kg8 42. Re7 Kf8 43. Nd7+ Kg8 44. Nxf6+ gxf6 45. d7 Rd6 46. Re8+ Kf7 47. d8Q Rxd8 48. Rxd8 Nxg2 49. Rxd4 f5 50. Ke2 Ke6 51. Kf2 Ke5 52. Rc4 Nf4 53. Rc5+ Kd4 54. Rxa5 Nd3+ 55. Ke2 Nc1+ 56. Kd1 Nxb3 57. Rxf5 Kc4 58. a5 Nc5 59. Rh5 Nd3 60. Kc2 b3+ 1-0

[Event "Belem Velha op 3rd"]
[Site "Belem"]
[Date "2015.05.03"]
[Round "7"]
[White "Lopes Junior, Ubiratan Dos Santo"]
[Black "Ribeiro, Denison Carlos Vier"]
[Result "0-1"]
[WhiteElo "1915"]
[BlackElo "1836"]
[PlyCount "77"]
[EventDate "2015.04.30"]
[EventType "swiss"]
[EventRounds "7"]
[EventCountry "BRA"]
[SourceTitle "CBM 166 Extra"]
[Source "ChessBase"]
[SourceDate "2015.06.18"]
[SourceVersion "1"]
[SourceVersionDate "2015.06.18"]
[SourceQuality "1"]

1. e4 c5 2. Nf3 Nc6 3. Bb5 e6 4. 0-0 a6 5. Bxc6 bxc6 6. d3 d5 7. Bf4 Ne7 8. Ne5 f6 9. Nf3 Ng6 10. Bg3 e5 11. c4 d4 12. Nh4 Nxh4 13. Bxh4 Bd6 14. Qh5+ g6 15. Qh6 Qe7 16. Bg3 g5 17. Qh5+ Qf7 18. Qxf7+ Kxf7 19. Nd2 h5 20. f3 Rb8 21. b3 Be6 22. a4 Bc7 23. a5 h4 24. Be1 f5 25. h3 Kg6 26. Ra3 g4 27. exf5+ Bxf5 28. Ne4 Bxe4 29. fxe4 g3 30. Rf3 Rb7 31. Bxg3 hxg3 32. Rxg3+ Kf7 33. Rg5 Rh6 34. Kh2 Bd8 35. Rf5+ Rf6 36. g4 Rxf5 37. gxf5 Bg5 38. Kg3 Bf4+ 39. Kg4 0-1

[Event "Belem Velha op 3rd"]
[Site "Belem"]
[Date "2015.05.03"]
[Round "6"]
[White "Ribeiro, Denison Carlos Vier"]
[Black "Fernandes Filho, Bergson Fragoso"]
[Result "0-1"]
[WhiteElo "1836"]
[BlackElo "2129"]
[PlyCount "44"]
[EventDate "2015.04.30"]
[EventType "swiss"]
[EventRounds "7"]
[EventCountry "BRA"]
[SourceTitle "CBM 166 Extra"]
[Source "ChessBase"]
[SourceDate "2015.06.18"]
[SourceVersion "1"]
[SourceVersionDate "2015.06.18"]
[SourceQuality "1"]

1. e4 d6 2. d4 Nf6 3. Nc3 g6 4. f4 Bg7 5. Nf3 c5 6. Bb5+ Bd7 7. Bxd7+ Nfxd7 8. Be3 Qa5 9. 0-0 0-0 10. e5 cxd4 11. Nxd4 dxe5 12. Nb3 Qd8 13. Qd5 Nc6 14. Rad1 Nf6 15. Qb5 Qc7 16. Nd5 Nxd5 17. Rxd5 Rad8 18. c3 e6 19. Rc5 Bh6 20. Na5 Qxa5 21. Qxc6 Qxa2 22. Qe4 Bxf4 0-1

[Event "Belem Velha op 3rd"]
[Site "Belem"]
[Date "2015.05.01"]
[Round "2"]
[White "Ribeiro, Denison Carlos Vier"]
[Black "De Oliveira, Victor Gabriel C"]
[Result "1-0"]
[WhiteElo "1836"]
[BlackElo "2112"]
[PlyCount "87"]
[EventDate "2015.04.30"]
[EventType "swiss"]
[EventRounds "7"]
[EventCountry "BRA"]
[SourceTitle "CBM 166 Extra"]
[Source "ChessBase"]
[SourceDate "2015.06.18"]
[SourceVersion "1"]
[SourceVersionDate "2015.06.18"]
[SourceQuality "1"]

1. e4 c5 2. Nf3 g6 3. d4 cxd4 4. Nxd4 Bg7 5. Nc3 Nc6 6. Be3 Nf6 7. Bc4 d6 8. Qd2 Ng4 9. Nxc6 bxc6 10. 0-0 Nxe3 11. Qxe3 0-0 12. Kh1 e6 13. Rab1 d5 14. Rfd1 Qc7 15. Bb3 d4 16. Rxd4 Bxd4 17. Qxd4 Rd8 18. Qf6 Bb7 19. e5 c5 20. f3 a6 21. Ne4 Bxe4 22. fxe4 c4 23. Ba4 Rd4 24. Rf1 Rad8 25. Qf3 c3 26. b3 Rd2 27. b4 R8d4 28. Be8 Qe7 29. Bxf7+ Kg7 30. Bxe6 Rd8 31. Qf6+ Qxf6 32. exf6+ Kf8 33. Bb3 Re2 34. h3 Rxe4 35. Rf3 Rc8 36. Rd3 Re1+ 37. Kh2 Re4 38. Rd7 Ke8 39. Rxh7 Rf4 40. Be6 Rxf6 41. Bxc8 Rf2 42. Bxa6 Rxc2 43. Bd3 Rxa2 44. Rc7 1-0

[Event "Belem Velha op 3rd"]
[Site "Belem"]
[Date "2015.04.30"]
[Round "1"]
[White "Chang, Suzana"]
[Black "Ribeiro, Denison Carlos Vier"]
[Result "0-1"]
[WhiteElo "2022"]
[BlackElo "1836"]
[PlyCount "50"]
[EventDate "2015.04.30"]
[EventType "swiss"]
[EventRounds "7"]
[EventCountry "BRA"]
[SourceTitle "CBM 166 Extra"]
[Source "ChessBase"]
[SourceDate "2015.06.18"]
[SourceVersion "1"]
[SourceVersionDate "2015.06.18"]
[SourceQuality "1"]

1. d4 d5 2. c4 e6 3. Nf3 Nf6 4. Bg5 c6 5. e3 Nbd7 6. Nc3 Qa5 7. Bxf6 Nxf6 8. Nd2 Bb4 9. Qc2 0-0 10. Bd3 dxc4 11. Nxc4 Bxc3+ 12. bxc3 Qg5 13. 0-0 h5 14. f4 Qh6 15. Rae1 Nd5 16. g3 f5 17. Ne5 g5 18. c4 Nb4 19. Qc3 Nxd3 20. fxg5 Qxg5 21. Qxd3 b6 22. Rf3 Bb7 23. Qe2 Kg7 24. Rf4 Rh8 25. Ref1 c5 0-1